[Event "Summer Cup"]
[Site "Wellington Chess Club"]
[Date "2021.02.11"]
[Round "3.11"]
[White "Benitez, Edgar"]
[Black "Loke, Kayden"]
[Result "1/2-1/2"]
[WhiteElo "2033"]
[BlackElo "1608"]

1. d4 d5 2. c4 c5 3. dxc5 dxc4 4. Qxd8+ Kxd8 5. e4 e6 6. Be3 Nf6 7. f3 Nbd7 8.
Nc3 Bxc5 9. Bxc5 Nxc5 10. O-O-O+ Nd3+ 11. Bxd3 cxd3 12. Rxd3+ Ke7 13. Nge2 Rd8
14. Rhd1 Rxd3 15. Rxd3 b6 16. Nd4 Bb7 17. Kb1 g6 18. Rd1 Rd8 19. Nc2 Rxd1+ 20.
Nxd1 a6 21. Na3 Kd6 22. Kc2 e5 23. Nc4+ Ke6 24. Nxb6 Nxe4 25. Ne3 Nc5 26. b4
Nd7 27. Nxd7 Kxd7 28. Kc3 Kc6 29. a4 f5 30. Kc4 Bc8 31. b5+ axb5+ 32. axb5+ Kd6
33. h4 Bb7 34. h5 f4 35. hxg6 hxg6 36. Nc2 Bd5+ 37. Kc3 Kc5 38. Ne1 g5 39. Nd3+
Kd6 40. Nf2 Bb7 41. Kc4 Bd5+ 42. Kc3 Bb7 43. Kc4 Ba8 44. Kd3 Kc5 45. Ne4+ Kxb5
46. Nxg5 Kc5 1/2-1/2

[Event "Summer Cup"]
[Site "Wellington Chess Club"]
[Date "2021.02.11"]
[Round "3.12"]
[White "Marney, John"]
[Black "Dunn, Paul"]
[Result "1/2-1/2"]
[WhiteElo "1638"]
[BlackElo "2000"]

1. e4 e5 2. Nf3 Nc6 3. Bc4 Bc5 4. d3 Nf6 5. c3 d6 6. Nbd2 a6 7. O-O Ba7 8. Bb3
O-O 9. Re1 h6 10. Nf1 b5 11. Ne3 Na5 12. Bc2 c5 13. d4 Qc7 14. h3 Bd7 15. dxe5
dxe5 16. Nf5 Rad8 17. Qe2 c4 18. Nh2 Kh7 19. Ng4 Nxg4 20. Qxg4 Bxf5 21. exf5 f6
22. Be3 Bxe3 23. Rxe3 Rd2 24. Be4 Rfd8 25. b4 cxb3 26. axb3 R2d6 27. Bc2 Rd2
28. Be4 R2d6 29. Bc2 Rd2 1/2-1/2

[Event "Summer Cup"]
[Site "Wellington Chess Club"]
[Date "2021.02.11"]
[Round "3.13"]
[White "Farrington, Lawrence"]
[Black "Sole, Michael"]
[Result "1/2-1/2"]
[WhiteElo "1611"]
[BlackElo "1986"]

1. e4 c5 2. Nf3 d6 3. Bb5+ Nd7 4. Nc3 a6 5. Bxd7+ Bxd7 6. h3 Nf6 7. O-O g6 8.
d4 cxd4 9. Nxd4 Bg7 10. Be3 O-O 11. Qd2 Re8 12. Rfe1 Rc8 13. f3 Bc6 14. Nxc6
bxc6 15. Rad1 Qa5 16. a3 Rb8 17. Rb1 Red8 18. Ne2 Qc7 19. c3 d5 20. e5 Nd7 21.
f4 e6 22. b4 f6 23. exf6 Nxf6 24. Bd4 Ne4 25. Qe3 e5 26. fxe5 Bxe5 27. Bxe5
Qxe5 28. Qd4 Qc7 29. Rf1 Rf8 30. Rxf8+ Rxf8 31. Rf1 Re8 32. Qd3 a5 33. Qe3 axb4
34. axb4 Qe7 35. Nd4 Qd7 36. Qd3 Qd6 37. Qf3 Qd7 38. Qd3 Qc7 39. Qe3 c5 40.
bxc5 Qxc5 41. Qf4 Rf8 42. Qxf8+ Qxf8 43. Rxf8+ Kxf8 44. Ne2 Ke7 45. Kf1 Kd6 46.
Ke1 Kc5 47. Kd1 Kc4 48. Kc2 g5 49. g3 Nf2 50. h4 h6 51. Nd4 Ne4 52. Ne2 Nf2 53.
Nd4 gxh4 54. gxh4 Ne4 55. Ne2 Nf6 56. Nd4 Ng4 57. Nf5 h5 58. Nd4 Ne3+ 59. Kd2
Ng2 60. Nf5 Kb3 61. Kd3 Kb2 62. Kd4 1/2-1/2

[Event "Summer Cup"]
[Site "Wellington Chess Club"]
[Date "2021.02.11"]
[Round "3.14"]
[White "Pendharkar, Ajit"]
[Black "Jelley, Arch"]
[Result "1-0"]
[WhiteElo "1605"]
[BlackElo "1910"]

1. e4 d6 2. d4 g6 3. c4 Bg7 4. Nc3 Nf6 5. Be3 O-O 6. h3 e5 7. Nf3 Nc6 8. Qd2
Bd7 9. Be2 Ne8 10. g4 a6 11. d5 Ne7 12. Rg1 Rb8 13. h4 c5 14. h5 b5 15. hxg6
fxg6 16. Bh6 b4 17. Nd1 Nf6 18. Bxg7 Kxg7 19. Rh1 Nxg4 20. Ng5 h5 21. Bxg4 Bxg4
22. Ne3 Bd7 23. O-O-O Ng8 24. Rdg1 Nf6 25. Nf5+ Bxf5 26. exf5 Re8 27. Ne6+ Rxe6
28. Rxg6+ Kf7 29. Qh6 Qh8 30. fxe6+ 1-0

[Event "Summer Cup"]
[Site "Wellington Chess Club"]
[Date "2021.02.11"]
[Round "3.15"]
[White "Keay, Matt"]
[Black "Aldridge, Alan"]
[Result "1/2-1/2"]
[WhiteElo "1500"]
[BlackElo "1826"]

1. e4 e5 2. Nf3 Nc6 3. Bc4 Bc5 4. c3 Nf6 5. d3 d6 6. a4 a5 7. O-O h6 8. Be3
Bxe3 9. fxe3 O-O 10. Nbd2 d5 11. exd5 Nxd5 12. Qe2 Be6 13. Ne4 Qe7 14. d4 exd4
15. Nxd4 Nxd4 16. exd4 b6 17. Rae1 Qd7 18. Qh5 f5 19. Ng3 c6 20. Qg6 Rae8 21.
Nh5 Qf7 22. Qxf7+ Rxf7 23. Bxd5 cxd5 24. Nf4 Bd7 25. Rxe8+ Bxe8 26. Nxd5 b5 27.
axb5 Bxb5 28. Rxf5 Rb7 29. Ne3 a4 30. c4 Bd7 31. Rf2 Rb3 32. Re2 Be8 33. Kf2
Bg6 34. d5 Kf8 35. c5 Ke8 36. Rd2 Be4 37. c6 Kd8 38. Nd1 Rb4 39. Nc3 Bf5 40.
Ke3 g5 41. Rd4 Rxb2 42. Nxa4 Kc7 43. g4 Rb3+ 44. Kd2 Bc8 45. Kc2 Rh3 46. Nc3
Rxh2+ 47. Kb3 Rg2 48. Re4 Bxg4 49. Re7+ Kd6 50. Rg7 Bf5 51. Kc4 Rg4+ 52. Kb5
Bd3+ 53. Kb6 Rb4+ 54. Ka5 Rc4 55. Rd7+ Kc5 56. c7 Kd4 57. Nb5+ Ke5 58. Rd8 Bf5
59. d6 g4 60. d7 Bxd7 61. Rxd7 g3 62. Rd8 Kf4 63. c8=Q Rxc8 64. Rxc8 g2 65. Nd4
Ke3 66. Rg8 Kf2 67. Ne2 h5 68. Rxg2+ Kxg2 1/2-1/2

[Event "Summer Cup"]
[Site "Wellington Chess Club"]
[Date "2021.02.11"]
[Round "3.16"]
[White "Ashe, Michael"]
[Black "Van der Hoorn, Thomas"]
[Result "0-1"]
[WhiteElo "1816"]
[BlackElo "1599"]

1. d4 Nf6 2. c4 e6 3. Nc3 Bb4 4. f3 c5 5. a3 Bxc3+ 6. bxc3 d6 7. e4 Nc6 8. Be3
b6 9. Bd3 O-O 10. Ne2 Ba6 11. Ng3 Na5 12. Qe2 Rc8 13. Rc1 Qd7 14. e5 dxe5 15.
dxe5 Ne8 16. O-O Qa4 17. Qc2 Qxc2 18. Rxc2 Bxc4 19. Rd2 Nc7 20. Rfd1 Bxd3 21.
Rxd3 Nc4 22. Bc1 Nxe5 23. R3d2 Nd5 24. Re1 Nc4 25. Rde2 b5 26. Rc2 a5 27. Re4
Nd6 28. Ree2 b4 29. Ne4 Nxe4 30. Rxe4 Nxc3 31. Rg4 Rfd8 32. axb4 cxb4 33. Bb2
Rd1+ 34. Kf2 Ne4+ 35. Ke2 Rxc2+ 36. Kxd1 Rxb2 37. Rxe4 Rxg2 38. Re5 Rxh2 39.
Rxa5 g6 0-1

[Event "Summer Cup"]
[Site "Wellington Chess Club"]
[Date "2021.02.11"]
[Round "3.19"]
[White "Osborne, Geoff"]
[Black "Carroll, Lewis"]
[Result "1-0"]
[WhiteElo "1252"]
[BlackElo "1684"]

1. Nf3 c5 2. g3 d5 3. d3 Nc6 4. Bg2 e5 5. O-O f5 6. Nbd2 Nf6 7. b3 e4 8. dxe4
fxe4 9. Ng5 h6 10. Nh3 Bd6 11. f4 Ng4 12. e3 Qf6 13. Rb1 Nxe3 14. Qh5+ g6 15.
Bb2 d4 16. Nxe4 gxh5 17. Nxf6+ Kf7 18. Ne4 Bxh3 19. Nxd6+ Ke7 20. Bxh3 Kxd6 21.
Rf2 Nb4 22. c3 Nd3 23. cxd4 Nxf2 24. dxc5+ Kxc5 25. Rc1+ Kb4 26. Kxf2 Rhe8 27.
Bd7 Ng4+ 28. Kg1 Re7 29. Rc4+ Ka5 30. b4+ Kb6 1-0

[Event "Summer Cup"]
[Site "Wellington Chess Club"]
[Date "2021.02.11"]
[Round "3.20"]
[White "Rossiter, Philip"]
[Black "Milne, Josef"]
[Result "1-0"]
[WhiteElo "1861"]
[BlackElo "1500"]

1. Nf3 e6 2. b3 d5 3. e3 c5 4. Bb2 Nf6 5. c4 Nc6 6. cxd5 exd5 7. d4 Bg4 8. Be2
Be7 9. O-O O-O 10. Nc3 Rc8 11. Rc1 b6 12. h3 Bh5 13. Qd2 Ne4 14. Nxe4 dxe4 15.
Nh2 Bxe2 16. Qxe2 Nb4 17. dxc5 Rxc5 18. Rxc5 Bxc5 19. Qg4 f6 20. Qxe4 Qd7 21.
Qc4+ Kh8 22. Ba3 a5 23. Bxb4 Bxb4 24. a4 Rd8 25. Nf3 Qd3 26. Rc1 h6 27. Nd4
Qxc4 28. Rxc4 Bc5 29. Kf1 Kg8 30. Ne6 Rd5 31. Nxc5 Rxc5 32. Rxc5 bxc5 33. Ke2
1-0

[Event "Summer Cup"]
[Site "Wellington Chess Club"]
[Date "2021.02.11"]
[Round "3.22"]
[White "Rudykh, Richard"]
[Black "Darr, Samuel"]
[Result "0-1"]
[WhiteElo "1500"]
[BlackElo "1632"]

1. e4 e6 2. Nc3 d5 3. d3 Bb4 4. Bd2 Nf6 5. Qe2 c5 6. exd5 Nxd5 7. Nxd5 Bxd2+ 8.
Qxd2 exd5 9. Qe2+ Be6 10. O-O-O O-O 11. Nf3 Nc6 12. d4 c4 13. c3 b5 14. Ne5
Qg5+ 15. Rd2 Rfe8 16. Nxc6 Bf5 17. h4 Qh6 18. Ne5 f6 19. Qe3 Qxe3 20. fxe3 fxe5
21. g3 a5 22. Bg2 e4 23. h5 b4 24. a3 bxa3 25. bxa3 Rab8 26. Kd1 Rb3 27. Rc2
Rxa3 28. Rh4 Ra1+ 29. Rc1 Rxc1+ 30. Kxc1 Rb8 31. g4 Be6 32. Kc2 a4 33. Bh3 a3
34. Bg2 Rb2+ 35. Kc1 Rxg2 36. Kb1 Bxg4 37. Ka1 Bd1 38. h6 Rg1 39. hxg7 Bb3# 0-1

[Event "Summer Cup"]
[Site "Wellington Chess Club"]
[Date "2021.02.11"]
[Round "3.23"]
[White "Zaslow, Henry"]
[Black "Bielski, Nikolas"]
[Result "1-0"]
[WhiteElo "1500"]
[BlackElo "1515"]

1. e4 c5 2. Nf3 Nc6 3. Bb5 g6 4. Bxc6 bxc6 5. d3 Rb8 6. h4 Nf6 7. b3 Bg7 8. Bb2
d6 9. Nbd2 O-O 10. Nc4 e5 11. Bc1 Bg4 12. Be3 Re8 13. Qd2 Bxf3 14. gxf3 d5 15.
Nb2 dxe4 16. fxe4 Bf8 17. O-O-O a5 18. h5 Nxh5 19. Rxh5 gxh5 20. Rh1 Re6 21.
Rxh5 Qd6 22. Nc4 Qc7 23. Qd1 Be7 24. Qh1 Kf8 25. Rxh7 Ke8 26. Qh5 Rg6 27. Nxe5
Rf6 28. Rxf7 Rxf7 29. Qxf7+ Kd8 1-0

[Event "Summer Cup"]
[Site "Wellington Chess Club"]
[Date "2021.02.11"]
[Round "3.24"]
[White "Asher, Bruce"]
[Black "Eccles, Dannin"]
[Result "0-1"]
[WhiteElo "1193"]
[BlackElo "1500"]

1. e4 e5 2. Nf3 Nc6 3. Bb5 a6 4. Ba4 b5 5. Bb3 Nf6 6. d3 h6 7. O-O Bc5 8. Nc3
Bb7 9. Qe2 d6 10. Be3 Nd4 11. Qd1 Nxb3 12. cxb3 Bxe3 13. fxe3 O-O 14. Rc1 c6
15. d4 b4 16. Na4 Nxe4 17. dxe5 d5 18. Qd4 a5 19. Qb6 Qe7 20. Qd4 Rfd8 21. Nc5
Ba6 22. Nxa6 Rxa6 23. Qd3 Rda8 24. Rc2 a4 25. bxa4 Qe6 26. Nd4 Qg6 27. Qb3 c5
28. Nb5 Qc6 29. Nd4 Qxa4 30. Qxa4 Rxa4 31. Nc6 Rxa2 32. g3 b3 33. Ne7+ Kf8 34.
Nxd5 bxc2 35. e6 Nd2 36. Rxf7+ Kg8 37. Ne7+ Kh7 38. Nf5 c1=Q+ 39. Kg2 Qf1# 0-1

[Event "Summer Cup"]
[Site "Wellington Chess Club"]
[Date "2021.02.11"]
[Round "3.25"]
[White "Miller, Jackson"]
[Black "Ackroyd, William"]
[Result "0-1"]
[WhiteElo "1500"]
[BlackElo "1670"]

1. e4 e5 2. Nf3 Nc6 3. d4 exd4 4. Nxd4 Nf6 5. Nxc6 bxc6 6. Bd3 Bc5 7. e5 Nd5 8.
c4 Nb6 9. O-O O-O 10. a4 a5 11. Re1 d6 12. Be3 Bb4 13. Nc3 dxe5 14. c5 Nd5 15.
Qc2 f5 16. Rad1 Be6 17. Bc4 Qf6 18. Qb3 Rab8 19. Bxd5 cxd5 20. Bd2 d4 21. Nd5
Qf7 22. Rxe5 Bxd2 23. Ne7+ Qxe7 24. Qxe6+ Qxe6 25. Rxe6 Rbe8 26. Rxe8 Rxe8 27.
f3 Re1+ 28. Rxe1 Bxe1 29. Kf1 Bb4 30. c6 d3 31. f4 Kf7 32. h3 Ke6 33. g4 Kd5
34. b3 Ke4 35. Kf2 fxg4 36. hxg4 Kxf4 37. g5 Kxg5 38. Ke3 d2 39. Ke2 h5 0-1

[Event "Summer Cup"]
[Site "Wellington Chess Club"]
[Date "2021.02.11"]
[Round "3.26"]
[White "Carlyle, Mathieson"]
[Black "Qu, Lucas"]
[Result "1-0"]
[WhiteElo "1500"]
[BlackElo "1500"]

1. e4 b6 2. e5 d5 3. d4 Bb7 4. Nf3 e6 5. Bd3 f5 6. exf6 Nxf6 7. Bg5 Be7 8. Qd2
Ne4 9. Bxe7 Qxe7 10. Bxe4 dxe4 11. Ne5 Nd7 12. Nxd7 Qxd7 13. Qb4 O-O-O 14. c3
c5 15. Qc4 Bd5 16. Qa6+ Bb7 17. Qc4 e5 18. O-O g5 19. dxc5 Qd5 20. Na3 Qxc4 21.
Nxc4 bxc5 22. Nxe5 Rhe8 23. Ng4 h5 24. Ne3 c4 25. Nxc4 Ba6 26. b3 Rd3 27. Rad1
h4 28. Rxd3 Bxc4 29. Rd2 Ba6 30. b4 e3 31. fxe3 Rxe3 32. Rc1 g4 33. Rd4 Be2 34.
a4 h3 35. gxh3 Rxh3 36. c4 g3 37. hxg3 Rxg3+ 38. Kf2 Ra3 39. Kxe2 Ra2+ 40. Rd2
Rxa4 41. b5 Kc7 42. c5 Ra5 43. Rb2 Kb7 44. Kd3 a6 45. b6 Kc6 46. b7 Ra3+ 47.
Rc3 Rxc3+ 48. Kxc3 Kxc5 49. b8=Q a5 50. Qe5+ Kc6 51. Rb5 a4 52. Qd5+ Kc7 53.
Rb7+ Kc8 54. Qd7# 1-0

[Event "Summer Cup"]
[Site "Wellington Chess Club"]
[Date "2021.02.11"]
[Round "3.27"]
[White "Chaturvedi, Vivaan"]
[Black "Vachon, Mia"]
[Result "1-0"]
[WhiteElo "1500"]
[BlackElo "1500"]

1. Nf3 c6 2. d4 d5 3. c4 Nf6 4. Nc3 e6 5. Bf4 Bd7 6. Ne5 Be7 7. e3 O-O 8. c5
Ne4 9. Bd3 f5 10. O-O b6 11. b4 Bf6 12. Qc2 Bxe5 13. Bxe5 Be8 14. Bxe4 fxe4 15.
Bd6 Rf7 16. a4 Qf6 17. b5 Bd7 18. Be5 Qf5 19. Qe2 h5 20. Kh1 a6 21. cxb6 axb5
22. axb5 Rxa1 23. Rxa1 cxb5 24. Bxb8 e5 25. Bxe5 Be6 26. Ra7 Qxf2 27. Qxf2 Rxf2
28. h3 Rf1+ 29. Kh2 Rc1 30. b7 b4 31. b8=Q+ Kh7 32. Rxg7+ Kh6 33. Qh8# 1-0

[Event "Summer Cup"]
[Site "Wellington Chess Club"]
[Date "2021.02.11"]
[Round "3.28"]
[White "Jones, Christopher"]
[Black "Bennett, Ezra"]
[Result "1-0"]
[WhiteElo "1500"]
[BlackElo "1399"]

1. d4 Nf6 2. c4 g6 3. Nc3 Bg7 4. Nf3 d5 5. Bg5 O-O 6. Bxf6 Bxf6 7. Nxd5 Bg7 8.
e3 Bg4 9. Be2 b5 10. Qb3 c6 11. Nc3 Qb6 12. cxb5 c5 13. dxc5 Qxc5 14. O-O Nd7
15. Rfd1 Rad8 16. h3 Be6 17. Qa3 Qb6 18. Qxe7 Nc5 19. Rxd8 Rxd8 20. Rd1 Rxd1+
21. Nxd1 Bxa2 22. Qe8+ Bf8 23. Nc3 Be6 24. Ng5 Qa5 25. Nxh7 Kxh7 26. Qxf8 Nd7
27. Qa3 Qc7 28. Bg4 Qc5 29. Qxc5 Nxc5 30. Bxe6 Nxe6 31. Nd5 Kg7 32. Ne7 Nc7 33.
b6 axb6 34. Nc8 b5 35. f4 Nd5 36. Kf2 Kf6 37. Kf3 Nb4 38. Ke4 Ke6 39. Na7 f5+
40. Kd4 Nc2+ 41. Kd3 Nb4+ 42. Kd2 Kd5 43. Nxb5 Kc5 44. Nd4 Kd5 45. b3 Ke4 46.
Ne6 Nd5 47. Ng5# 1-0

[Event "Summer Cup"]
[Site "Wellington Chess Club"]
[Date "2021.02.11"]
[Round "3.29"]
[White "Cooke, Xandi"]
[Black "Malcolm, Aidan"]
[Result "0-1"]
[WhiteElo "1475"]
[BlackElo "1500"]

1. d4 d5 2. c4 e6 3. Nc3 Be7 4. cxd5 exd5 5. Nf3 Nf6 6. Bg5 Bf5 7. e3 O-O 8.
Bd3 Bxd3 9. Qxd3 c6 10. O-O Re8 11. Ne5 Nfd7 12. Bf4 Bg5 13. Qf5 { This was the
first move I really liked due to the pressure it places on blacks pieces }
13... Bf6 14. Nxd7 Nxd7 15. Bg3 g6 16. Qf3 Bg7 17. Rfe1 { Draw Offered } 17...
Qe7 18. Ne2 Nf8 19. a3 a5 20. h3 Ne6 21. Kf1 Ng5 22. Qf4 Ne4 23. Rad1 Nxg3+ 24.
Nxg3 c5 25. Rc1 c4 26. f3 { Draw Offered, this move was also really bad for
white after b5. } 26... Qd7 27. Rcd1 Qb5 28. Re2 Rac8 29. Rc1 a4 30. Kf2 Red8
31. Rd2 h5 { This move signals the end of blacks advantage and into a equal
game. } 32. e4 Qa5 33. Rcc2 c3 34. bxc3 Rxc3 35. Rxc3 Qxc3 36. Qe3 Qxe3+ {
Black should have ran away with his queen, not traded. } 37. Kxe3 dxe4 38. Kxe4
{ Regret is a strong word. But i whole heartedly regret this move. I knew
quite quickly after that Nx was better however i thought this was an easier way
out of the possible pin. } 38... f5+ 39. Ke3 f4+ 40. Ke4 fxg3 41. d5 Re8+ 42.
Kf4 Bh6+ { Resings. 0-1. In a game that should have been drawn. } 0-1

[Event "Summer Cup"]
[Site "Wellington Chess Club"]
[Date "2021.02.18"]
[Round "4.1"]
[White "Wojnar, Maciej"]
[Black "Croad, Nicolas"]
[Result "0-1"]
[WhiteElo "2101"]
[BlackElo "2455"]

1. e4 e5 2. Bc4 Nf6 3. d4 exd4 4. Nf3 Nc6 5. e5 d5 6. Bb5 Ne4 7. Nxd4 Bd7 8.
Bxc6 bxc6 9. O-O Bc5 10. f3 Ng5 11. Nc3 O-O 12. Be3 f6 13. Na4 Be7 14. exf6
Bxf6 15. Nc5 Qe7 16. Bxg5 Bxg5 17. Nxd7 Qxd7 18. Re1 Rae8 19. c3 c5 20. Nb3 c4
21. Nc5 Qd6 22. Qd4 Bf4 23. Rad1 Bxh2+ 24. Kf1 Bg3 25. Rxe8 Rxe8 26. Qg4 Qe5
0-1

[Event "Summer Cup"]
[Site "Wellington Chess Club"]
[Date "2021.02.18"]
[Round "4.2"]
[White "Dive, Russell"]
[Black "Wastney, Scott"]
[Result "0-1"]
[WhiteElo "2407"]
[BlackElo "2434"]

1. Nf3 d5 2. d4 Nf6 3. c4 e6 4. Nc3 Bb4 5. Qc2 dxc4 6. e3 {D38:
Queen's Gambit Declined: Ragozin Defence (4 Nf3 Bb4).} b5 $1 7. a4 c6 8. axb5 {
Black is slightly better.} cxb5 9. Bd2 Bxc3 10. Bxc3 Nc6 11. Ne5 Nxe5 12. dxe5
Nd5 {[#]} 13. Ba5 $146 ({Predecessor:} 13. b3 Nxc3 14. Qxc3 O-O 15. bxc4 bxc4
16. Bxc4 Bb7 17. O-O Qg5 18. f3 Rac8 19. e4 Rfd8 20. Rf2 a5 21. Rxa5 Rd1+ 22.
Rf1 Rd2 23. Rf2 Rxf2 24. Kxf2 Rxc4 {0-1 (24) Dubinin,P-Savitsky,L Leningrad
1934 URS-ch [ChessBase]}) 13... Qg5 14. f4 $1 {[%cal Rf4g5] [#]} Qg6 ({Don't
go for} 14... Nxe3 $2 15. Qe4 $18 (15. fxg5 $2 {perishes.} Nxc2+ 16. Kf2 Nxa1
$19)) (14... Qe7 $1 $17 15. Qd2 f5) 15. Qxg6 $15 hxg6 16. Kf2 O-O (16... f6 $15
) 17. b3 (17. Be2 $11 {remains equal.}) 17... cxb3 $17 18. Bxb5 $2 {[%mdl 8192]
[#] This move loses the game for White.} (18. Bd3 $17) 18... Rb8 19. Bc4 (19.
Bd3 {keeps fighting.} b2 20. Ra2) 19... Bd7 $2 (19... b2 20. Rab1 Bd7) 20. Rab1
$2 (20. Rhb1 {is more resistant.} b2 21. Ra3 (21. Ra2 $2 Rfc8 $19)) 20... b2
$19 {Black is clearly winning.} 21. Rhd1 Rfc8 22. Rd4 Ba4 23. Bxd5 Bc2 24. Rxb2
Rxb2 25. Bf3 Be4+ 26. Kg3 Bxf3 27. Kxf3 {[%mdl 4096] Endgame KRR-KRB} Rb5 28.
Ra4 Rc6 29. Be1 a6 30. h4 Kf8 31. g4 Ke8 32. h5 gxh5 33. gxh5 Kf8 34. Rd4 {
intending Rd8+.} Rc8 35. Rd7 Ra8 36. Bc3 a5 {[%cal Ba6a5,Ba5a4,Ba4a3,Ba3a2]
[%mdl 32]} 37. f5 a4 38. h6 gxh6 39. f6 a3 40. Rd1 a2 41. Rh1 Rb1 42. Rxh6 Kg8
{Weighted Error Value: White=0.53/Black=0.20} 0-1

[Event "Summer Cup"]
[Site "Wellington Chess Club"]
[Date "2021.02.18"]
[Round "4.3"]
[White "Tanoi, Edward"]
[Black "Russell, Athula"]
[Result "0-1"]
[WhiteElo "1934"]
[BlackElo "2261"]

1. d4 d5 2. Nf3 Nf6 3. c4 e6 4. Nc3 Be7 5. Bg5 O-O 6. e3 Ne4 7. Bxe7 Qxe7 8.
Nxe4 dxe4 9. Nd2 e5 10. d5 Bf5 11. g4 Bg6 12. Bg2 c6 13. O-O cxd5 14. cxd5 Qh4
15. Nxe4 h5 16. h3 Bxe4 17. Bxe4 Qxh3 18. gxh5 Nd7 19. Qf3 Qh4 20. Qf5 Nf6 21.
Bf3 e4 22. Be2 Rad8 23. Rfd1 g6 24. hxg6 Kg7 25. Kg2 fxg6 26. Qe5 Rfe8 27. Qg3
Qxg3+ 28. Kxg3 Nxd5 29. Rac1 Kf6 30. Rd4 Ne7 31. Rxd8 Rxd8 32. Rc2 g5 33. Bg4
Nc6 34. a3 Rd6 35. b4 a5 36. b5 Ne5 37. a4 b6 38. Bc8 Rd1 39. Bh3 Ke7 40. Rc7+
Kd6 41. Rb7 Kc5 42. Re7 Kd5 43. Rb7 Rg1+ 44. Bg2 Nf3 45. Rh7 Ne1 46. Rh2 Kc5
47. f4 exf3 48. Kf2 Rxg2+ 49. Rxg2 fxg2 0-1

[Event "Summer Cup"]
[Site "Wellington Chess Club"]
[Date "2021.02.18"]
[Round "4.4"]
[White "Rudykh, Dmitry"]
[Black "Wojnar, Jacek"]
[Result "0-1"]
[WhiteElo "1500"]
[BlackElo "2057"]

1. e4 e5 2. Nf3 f5 3. Nxe5 Qf6 4. d4 d6 5. Nc4 fxe4 6. Ne3 Qg6 7. h3 Nf6 8. Nc3
c6 9. Be2 d5 10. g4 Be6 11. g5 Qxg5 12. h4 Qg6 13. Kf1 Nbd7 14. Ng2 Bg4 15. Nf4
Qf5 16. Be3 Bd6 17. Qd2 O-O-O 18. a3 Bxe2+ 19. Ncxe2 Ng4 20. Ng3 Qf7 21. Nh3
Bxg3 22. Ng5 Qf5 23. h5 Nxe3+ 24. Qxe3 Bf4 25. Nxe4 Qxe4 26. Qxe4 dxe4 27. Rh4
Rhf8 28. Re1 Rde8 29. Rg4 Rf7 30. f3 e3 31. Ke2 Nf8 32. Reg1 Ne6 33. c3 Bh6 34.
b4 Nf4+ 35. Ke1 e2 36. Rxf4 Rxf4 37. Rg3 Rh4 38. Rg1 Bf4 39. a4 Bg3+ 0-1

[Event "Summer Cup"]
[Site "Wellington Chess Club"]
[Date "2021.02.18"]
[Round "4.5"]
[White "Cilia Vincenti, David"]
[Black "Hall, Nathan"]
[Result "1-0"]
[WhiteElo "2276"]
[BlackElo "1867"]

1. d4 Nf6 2. c4 e6 3. Nc3 Bb4 4. Qc2 d5 5. cxd5 exd5 6. Bg5 O-O 7. e3 h6 8. Bh4
Re8 9. Bd3 c5 10. a3 Bxc3+ 11. bxc3 c4 12. Bh7+ Kf8 13. Nf3 Nc6 14. O-O Bg4 15.
Bf5 Bxf5 16. Qxf5 Qd7 17. Qxd7 Nxd7 18. Rab1 Nb6 19. Rfc1 f6 20. Bg3 Na5 21.
Nd2 Re6 22. Rb5 Nc6 23. e4 Ne7 24. f3 Ke8 25. exd5 Nexd5 26. Ne4 a6 27. Rb2 Rd8
28. Nc5 Re7 29. a4 a5 30. Rb5 Re2 31. Nxb7 Rd7 32. Nd6+ Ke7 33. Ne4 Nxa4 34.
Rxa5 Nb2 35. Nc5 Rd8 36. Ra7+ Kf8 37. Kf1 Rde8 38. Ne4 Re3 39. Rb1 Nd3 40. Rbb7
Re7 41. Rxe7 Nxe7 42. Ra8+ Kf7 43. Nd6+ Kg6 44. Nxc4 Re6 45. Ra1 Nd5 46. Rd1
N5f4 47. d5 Re8 48. d6 Rd8 49. Bxf4 Nxf4 50. Na5 Ne6 51. c4 Kf7 52. Rd5 Ke8 53.
c5 Nxc5 54. Rxc5 Rxd6 55. Rc7 Kf8 56. Kf2 Rd2+ 57. Kg3 Rd5 58. Nb7 Rg5+ 59. Kf2
Rd5 60. Nc5 Rd6 61. Kg3 Kg8 62. h4 h5 63. Ne4 Re6 64. Rc5 1-0

[Event "Summer Cup"]
[Site "Wellington Chess Club"]
[Date "2021.02.18"]
[Round "4.6"]
[White "Ker, Anthony"]
[Black "Jackson, Ross"]
[Result "1-0"]
[WhiteElo "2440"]
[BlackElo "2006"]

1. e4 e5 2. Nf3 Nc6 3. d4 Nxd4 4. Nxe5 Ne6 5. Bc4 d6 6. Bb5+ c6 7. Nxc6 bxc6 8.
Bxc6+ Bd7 9. Bxa8 Qxa8 10. Nc3 Nf6 11. f3 Bc6 12. Be3 Be7 13. O-O O-O 14. Qd2
d5 15. exd5 Nxd5 16. Nxd5 Bxd5 17. Rad1 Bc4 18. Rfe1 Bh4 19. Bf2 Bf6 20. b3 Bb5
21. c4 Bc6 22. Qe3 a6 23. b4 Qc8 24. Qb3 Bb7 25. c5 g5 26. Rd6 Kg7 27. c6 Ba8
28. Qc4 Qc7 29. Rexe6 fxe6 30. Rd7+ Rf7 31. Rxc7 Rxc7 32. Qxa6 Bxc6 33. Bc5 Bd5
34. a4 Be5 35. a5 Kf6 36. Qb6 Kf5 37. Qb8 Kg6 38. a6 Bf4 39. a7 1-0

[Event "Summer Cup"]
[Site "Wellington Chess Club"]
[Date "2021.02.18"]
[Round "4.7"]
[White "Langford, Josh"]
[Black "Winter, Ryan"]
[Result "0-1"]
[WhiteElo "1680"]
[BlackElo "2165"]

1. e4 c5 2. Nf3 Nc6 3. d4 cxd4 4. Nxd4 e6 5. Nc3 Qc7 6. Be3 a6 7. Be2 Nf6 8.
O-O Bb4 9. Nxc6 bxc6 10. f4 d5 11. e5 Nd7 12. Qe1 Be7 13. Qg3 g6 14. Nb1 Rb8
15. b3 Qa5 16. a3 c5 17. Rd1 Bb7 18. Nd2 Qc3 19. Bd3 Rc8 20. Nf3 Qa5 21. Bd2
Qb6 22. Kh1 c4 23. bxc4 dxc4 24. Be2 Be4 25. c3 Qc7 26. Ng5 Bxg5 27. Qxg5 Nc5
28. Be3 Nb3 29. Ra2 Qe7 30. Qg3 h5 31. Rd6 h4 32. Qf2 h3 33. Bf3 hxg2+ 34. Qxg2
Bxf3 35. Qxf3 Qh4 36. Re2 Rd8 37. Qc6+ Kf8 38. Qxc4 Rb8 39. Qc7 Kg7 40. Rd7
Rhf8 41. Kg2 Qg4+ 42. Kf2 Rbc8 43. Rxf7+ Rxf7 44. Qxc8 g5 45. Qc6 gxf4 46. Bd4
f3 47. Ke1 Qh4+ 0-1

[Event "Summer Cup"]
[Site "Wellington Chess Club"]
[Date "2021.02.18"]
[Round "4.8"]
[White "Sellen, Ian"]
[Black "Pendharkar, Ajit"]
[Result "1-0"]
[WhiteElo "2044"]
[BlackElo "1605"]

1. c4 e5 2. Nc3 Bb4 3. d4 Nc6 4. d5 Nd4 5. e3 Nf5 6. Qc2 Bxc3+ 7. bxc3 d6 8. e4
Nh4 9. g3 Ng6 10. Nf3 Nf6 11. h3 b6 12. Be3 Bd7 13. Nd2 Qc8 14. a4 a5 15. Bg5
Qd8 16. Be2 h6 17. Be3 Qc8 18. h4 Ng4 19. Bxg4 Bxg4 20. h5 Ne7 21. f3 Bd7 22.
g4 Ng8 23. Nf1 Nf6 24. Ng3 Bxg4 25. fxg4 Qxg4 26. Bf2 O-O-O 27. Qe2 Qd7 28. c5
dxc5 29. Qa6+ Kb8 30. Qb5 (30. Rb1 $1 Qxa4 $2 31. Bxc5 Nxe4 $2 32. Bxb6 cxb6
33. Rxb6+ Kc7 34. Qb7#) 30... Qg4 31. Qe2 Qc8 32. Rb1 Nd7 33. Nf5 Rde8 34. Nxg7
Reg8 35. Nf5 Re8 36. Qb5 Ka7 37. Rg1 Rh7 38. Bh4 f6 39. Ke2 c4 40. Rg6 Rg8 41.
Rbg1 Re8 42. Qxc4 Nc5 43. Rxf6 Qd7 44. Rc6 Rc8 45. Bf2 Na6 46. Bxb6+ cxb6 47.
Rxc8 Nc7 48. Rgg8 Qf7 49. Rxc7+ Qxc7 50. Qxc7+ Rxc7 51. Kd3 Ka6 52. d6 Rb7 53.
Ra8+ 1-0

[Event "Summer Cup"]
[Site "Wellington Chess Club"]
[Date "2021.02.18"]
[Round "4.9"]
[White "Van der Hoorn, Thomas"]
[Black "Pomeroy, Arthur"]
[Result "1/2-1/2"]
[WhiteElo "1599"]
[BlackElo "2039"]

1. e4 c5 2. Nf3 d6 3. d4 cxd4 4. Nxd4 Nf6 5. Nc3 a6 6. h3 g6 7. g4 Bg7 8. Bg2
O-O 9. O-O Nc6 10. Be3 Bd7 11. Nde2 Rc8 12. f4 Na5 13. Bd4 Bc6 14. Nd5 Nxd5 15.
exd5 Bb5 16. Bxg7 Kxg7 17. b3 Bxe2 18. Qxe2 b5 19. a4 b4 20. Be4 Qb6+ 21. Kg2
Nb7 22. Rae1 Nc5 23. f5 Nxe4 24. Qxe4 Qc5 25. Re2 Rc7 26. fxg6 hxg6 27. Rf4 f6
1/2-1/2

[Event "Summer Cup"]
[Site "Wellington Chess Club"]
[Date "2021.02.18"]
[Round "4.10"]
[White "Forster, Bill"]
[Black "Winsley, Daniel"]
[Result "1-0"]
[WhiteElo "2038"]
[BlackElo "1500"]

1. d4 d5 2. c4 dxc4 3. e3 Nf6 4. Bxc4 Bf5 5. Nf3 e6 6. O-O Bd6 7. Nc3 Bb4 8.
Qa4+ Nc6 9. Bd2 O-O 10. Rfe1 Bg4 11. Be2 a6 12. Rad1 Bf5 13. Ne5 Nxe5 14. Qxb4
Nd3 15. Bxd3 Bxd3 16. Bc1 Bb5 17. Nxb5 axb5 18. Qxb5 Qd5 19. Qxd5 Nxd5 20. e4
Nb6 21. a3 c6 22. b3 g5 23. Bxg5 Rxa3 24. Be7 1-0

[Event "Summer Cup"]
[Site "Wellington Chess Club"]
[Date "2021.02.18"]
[Round "4.11"]
[White "Symon, Christopher"]
[Black "Osborne, Geoff"]
[Result "1-0"]
[WhiteElo "2022"]
[BlackElo "1252"]

1. Nf3 Nf6 2. c4 g6 3. Nc3 Bg7 4. d4 O-O 5. g3 d6 6. Bg2 Bg4 7. O-O Qc8 8. Re1
Nc6 9. d5 Na5 10. Qd3 b6 11. b4 Nb7 12. Bb2 a5 13. a3 Rb8 14. e4 e5 15. dxe6
Bxe6 16. Rad1 c5 17. b5 Nd8 18. Ng5 h6 19. Nxe6 Nxe6 20. Bh3 Rd8 21. Nd5 Nxd5
22. exd5 Nf4 23. gxf4 Bxb2 24. Bxc8 Rbxc8 25. Re2 Rb8 26. Rde1 Kf8 27. Qh3 Bg7
28. Re7 1-0